000
00339 a2200145 4500
001
153763
040
_c
Escola São Tomás de Aquino
100
_a
ROCHA, Ruth
240
1
0
_a
Mil pássaros pelos céus
_l
por
245
1
0
_a
Mil pássaros pelos céus
362
0
_a
2005
440
1
_a
Ática
697
_a
*LITERATURA INFANTO
942
_c
BK
999
_c
153763
_d
153763